000 00963nam a2200265Ia 4500
003 OSt
005 20220923224636.0
006 a|||||r|||| 00| 0
007 ta
008 220922b |||||||| |||| 00| 0 hin d
024 _a248,531
037 _cTextual
040 _aARTS
_cARTS
_bhin
041 _2hin
_ahin
082 _aO122vN5, 152K3
100 _aसान्याल, भूपेन्द्रनाथ
_9156854
245 0 _aफ्रेंच साहित्य का इतिहास
246 _aFreancha sāhitya kā itihāsa
260 _aउत्तर प्रदेश
_b हिन्दी समिति
_c1963
300 _a327पृ.
_ccm.
490 _aहिन्दी समिति ग्रंथमाला
650 _aफ्रंच साहित्य
942 _hO122vN5, 152K3
_cTEXL
_2CC
999 _c372699
_d372699